书目信息 |
| 书名: | ROMEO AND JULIET | |
| 作者: | SHAKESPEARE | |
| 分册号: | ||
| 分册名: | 出版地: | U.S.A. |
|
| 出版社: | SPARK PUBLISHING | |
| 出版时间: | 2010 | |
| 页数: | 287p | |
| 开本: | 20cm | |
| 丛书名: | ||
| 中图分类号: | ||
| 科图分类号: | ||
| 其他分类号: | I712.35 | |
| 主题词: | ||
| 电子资源: | ||
| 000 | 00510nam0 2200205 450 | |
| 001 | 052012178269 | |
| 005 | 20121115114235.0 | |
| 008 | 20021229d1997 em y0chiy0121 ea | |
| 020 | @a978-1-5866-3845-0@c$15.99 | |
| 041 | @aeng | |
| 091 | @aI712.35 | |
| 099 | @dI712.35@eS5272 | |
| 100 | @aSHAKESPEARE | |
| 245 | 10 | @aROMEO AND JULIET @cSHAKESPEARE |
| 260 | @aU.S.A.@bSPARK PUBLISHING@c2010 | |
| 300 | @a287p@c20cm | |
| 521 | @aROMEO AND JULIET | |
| 905 | @b9921 | |
| 905 | @b11589 | |
| 905 | @aTSG@dI712.35@eS5272 | |
| ROMEO AND JULIET / SHAKESPEARE.-U.S.A. : SPARK PUBLISHING , 2010 |
| 287p ; 20cm |
| ROMEO AND JULIET |
| ISBN 978-1-5866-3845-0$15.99 |
| ● |
| 相关链接 |
|
|
|
正题名:ROMEO AND JULIET
索取号:I712.35/S5272
 
预约/预借
| 序号 | 登录号 | 条形码 | 馆藏地/架位号 | 状态 | 备注 |